Sử dụng thuốc và biệt dược thú y; T1

সংরক্ষণ করুন:
গ্রন্থ-পঞ্জীর বিবরন
প্রধান লেখক: Nguyễn Phước Tương
বিন্যাস: গ্রন্থ
ভাষা:Undetermined
প্রকাশিত: Hà Nội Nông nghiệp 2000
বিষয়গুলি:
ট্যাগগুলো: ট্যাগ যুক্ত করুন
কোনো ট্যাগ নেই, প্রথমজন হিসাবে ট্যাগ করুন!
Thư viện lưu trữ: Trung tâm Học liệu Trường Đại học Cần Thơ
LEADER 00576nam a2200169Ia 4500
001 CTU_40601
008 210402s9999 xx 000 0 und d
082 |a 636.08958 
082 |b T561/T1 
100 |a Nguyễn Phước Tương 
245 0 |a Sử dụng thuốc và biệt dược thú y; T1 
245 0 |c Nguyễn Phước Tương, Trần Diễm Uyên 
260 |a Hà Nội 
260 |b Nông nghiệp 
260 |c 2000 
650 |a veterinary chemotherapy,veterinary drugs 
980 |a Trung tâm Học liệu Trường Đại học Cần Thơ